| 000 | 00360pab a2200133 454500 | ||
|---|---|---|---|
| 008 | 180718b xxu||||| |||| 00| 0 eng d | ||
| 100 | _aAustin, Dinnis | ||
| 245 | _aThe Bharatiya Janata Party of India | ||
| 650 | _a Political Parties | ||
| 650 | _aBharatiya Janata Party - India | ||
| 700 | _aLyon, Peter | ||
| 773 | _aGovernment and Opposition | ||
| 909 | _a24269 | ||
| 999 |
_c24269 _d24269 |
||